Ako ďalej v investičnom rozvoji?

Bibliographic Details
Main Author: Jurovčík, Ondrej (Author)
Format: Article
Language:Slovak
Subjects:

MARC

LEADER 00000nab a2200000 a 4500
001 vtls000623812
003 SK-MaSNL
005 20260304172549.0
008 250526c1997 xo 0 slo
015 |a SNBRB19rr/mm-uuuuu 
035 |a CL0623951 
035 |a urn:nbn:sk:snk-ab2b89 
035 |a (urnnbn)urn:nbn:sk:snk:ar-a0229m 
035 |a (uuid)f300a62c-84cb-4f1f-99e6-d9fb67018ab9 
040 |a SNKBUCL  |b slo  |c SNKBUCL  |e AACR2 
041 0 |a slo 
044 |a xo  |c SK 
080 |a 630 68:061.5(437.6):658.152  |2 1981 
080 |a 658.152  |2 1981 
100 1 |a Jurovčík, Ondrej  |4 aut  |9 936524 
245 1 0 |a Ako ďalej v investičnom rozvoji?  |c Ondrej Jurovčík 
300 |b Fotogr. 3 
650 0 7 |a Západoslovenské lesy, š.p., Bratislava  |2 snkbucl  |9 920520 
650 0 7 |a investície  |2 snkbucl  |9 2292 
650 0 7 |a politika investičná  |2 snkbucl  |9 855779 
655 7 |a články z novín a časopisov  |2 snkbucl  |9 267496 
773 0 |t Les  |g Roč. 53, č. 4 (1997), s. 11-13  |x 0323-0996 
850 |a Slovenská národná knižnica 
852 |a Slovenská národná knižnica 
954 |a odborná, vedecká literatúra pôvodná (slovenská)  |2 lita 
957 |a 5100 
958 |a ONDV 
958 |a article2022 
958 |a SK 
958 |a RK 
992 |a RBX 
999 |c 2999208  |d 3001138